Unabhängige Polizeibeschwerdestellen und Polizeibeauftragte

Guardado en:  
Detalles Bibliográficos
Autor principal: Aden, Hartmut 1964- (Autor)
Tipo de documento: Print Artículo
Lenguaje:Alemán
Publicado: 2019
En: Polizei und Menschenrechte
Año: 2019, Páginas: 171-185
Verificar disponibilidad: HBZ Gateway
Palabras clave:

MARC

LEADER 00000caa a2200000 c 4500
001 1688551026
003 DE-627
005 20240712210354.0
007 tu
008 200127s2019 xx ||||| 00| ||ger c
020 |a 9783742504517 
035 |a (DE-627)1688551026 
035 |a (DE-599)KXP1688551026 
040 |a DE-627  |b ger  |c DE-627  |e rda 
041 |a ger 
100 1 |a Aden, Hartmut  |d 1964-  |e VerfasserIn  |0 (DE-588)129334340  |0 (DE-627)393103900  |0 (DE-576)179239082  |4 aut 
109 |a Aden, Hartmut 1964- 
245 1 0 |a Unabhängige Polizeibeschwerdestellen und Polizeibeauftragte  |c Hartmut Aden 
264 1 |c 2019 
336 |a Text  |b txt  |2 rdacontent 
337 |a ohne Hilfsmittel zu benutzen  |b n  |2 rdamedia 
338 |a Band  |b nc  |2 rdacarrier 
650 4 |a Polizei 
650 4 |a Gewaltmonopol 
650 4 |a Menschenrechte 
650 4 |a Zufriedenheit 
650 4 |a Polizeiarbeit 
650 4 |a Beschwerde 
773 0 8 |i Enthalten in  |t Polizei und Menschenrechte  |b Redaktionsschluss: August 2019  |d Bonn : bpb, Bundeszentrale für Politische Bildung, 2019  |g (2019), Seite 171-185  |h 490 Seiten  |w (DE-627)1680053752  |z 9783742504517  |7 nnam 
773 1 8 |g year:2019  |g pages:171-185 
889 |w (DE-627)1680065572 
935 |i mdedup 
951 |a AR 
ELC |b 1 
LOK |0 000 xxxxxcx a22 zn 4500 
LOK |0 001 4138203486 
LOK |0 003 DE-627 
LOK |0 004 1688551026 
LOK |0 005 20250729101111 
LOK |0 008 220523||||||||||||||||ger||||||| 
LOK |0 040   |a DE-21-110  |c DE-627  |d DE-21-110 
LOK |0 852   |a DE-21-110 
LOK |0 852 1  |m p  |9 00 
LOK |0 938   |k p 
LOK |0 939   |a 23-05-22  |b l01 
ORI |a SA-MARC-krimdoka001.raw